000 00810aam a2200289 i 4500
001 768714001
003 CO-MdFUSB
005 20250508121028.0
007 ta
008 250508t1981 -us |||| |||| 00| 0 eng d
040 _cCO-MdFUSB
041 0 _aeng
082 0 4 _223
_a241.6976
_bP8821a
100 1 _aPowell, John Joseph (1925-)
_eautor
245 1 0 _aAbortion :
_bthe silent holocaust
_c/ John Powell
264 1 _bArgus Communications,
_aAllen, TX., USA :
_c[1981]
264 4 _c©1981
300 _a183 páginas
336 _atexto
_btxt
_2rdacontent
337 _2rdamedia
_asin mediación
_bn
338 _2rdacarrier
_avolumen
_bnc
563 _aRústico
650 7 _aAborto
_xAspectos religiosos
_xCristianismo
_2embne
_97294
942 _cBK
945 _aJTF-925
999 _c35443
_d35443